| 000 | 00483nam a2200145 a 4500 | ||
|---|---|---|---|
| 001 | 000029876 | ||
| 005 | 20200930055856.0 | ||
| 008 | 110426s1970 dr 000 0 spa d | ||
| 040 |
_aDO-SdBNP _bspa _cBNPHU |
||
| 082 |
_axxxx _bxxxx |
||
| 110 | 1 |
_aRepública Dominicana. _bDepartamento de Contabilidad _956620 |
|
| 245 | 1 | 0 | _aEstados financieros al 31 de enero de 1970. |
| 260 |
_aSanto Domingo : _bBanco Central de la República Dominicana, _c1970. |
||
| 300 |
_a[74] p. : _bil. ; _c28 cm. |
||
| 999 |
_c29368 _d29368 |
||